[Event "31st Roquetas de Mar Open 2020"]
[Site "Roquetas de Mar"]
[Date "2020.01.04"]
[Round "4.12"]
[White "Malovanyi, Yulian"]
[Black "Marin, Mihail"]
[Result "1/2-1/2"]
[WhiteElo "2360"]
[BlackElo "2496"]
[Annotator "ChessBase"]
[PlyCount "61"]
[EventDate "2020.01.02"]
[EventType "swiss"]
[EventCountry "ESP"]
[SourceTitle "playchess.com"]
[Source "ChessBase"]
[SourceQuality "1"]
[TimeControl "5400+30"]

1. e4 {[%emt 0:00:00]} e6 {[%emt 0:00:31]} 2. d4 {[%emt 0:00:12]} d5 {[%emt 0:00:09]} 3. exd5 {[%emt 0:01:10]} exd5 {[%emt 0:00:07]} 4. Nf3 {[%emt 0:00:09]} Nf6 {[%emt 0:00:05]} 5. Bd3 {[%emt 0:00:17]} c5 {[%emt 0:00:07]} 6. O-O {[%emt 0:00:50]} Nc6 {[%emt 0:00:12]} 7. Re1+ {[%emt 0:13:39]} Be7 {[%emt 0:00:07]} 8. dxc5 {[%emt 0:04:28]} O-O {[%emt 0:00:06]} 9. Nbd2 {[%emt 0:02:43]} Bxc5 {[%emt 0:02:41]} 10. Nb3 {[%emt 0:01:41]} Bb6 {[%emt 0:02:20]} 11. Bg5 {[%emt 0:14:45]} Bg4 {[%emt 0:03:51]} 12. c3 {[%emt 0:03:10]} Qd6 {[%emt 0:10:04]} 13. Bh4 {[%emt 0:04:12]} Rfe8 {[%emt 0:04:31]} 14. Rxe8+ {[%emt 0:10:41]} Rxe8 {[%emt 0:00:21]} 15. Bc2 {[%emt 0:02:54]} Qe6 {[%emt 0:17:57]} 16. Nbd2 {[%emt 0:17:17]} Ne4 {[%emt 0:13:27]} 17. h3 {[%emt 0:06:53]} Bh5 {[%emt 0:02:12]} 18. Qf1 {[%emt 0:05:29]} Nxd2 {[%emt 0:21:46]} 19. Nxd2 {[%emt 0:00:22]} Be2 {[%emt 0:00:06]} 20. Qe1 {[%emt 0:02:20]} Qe5 {[%emt 0:07:29]} 21. Nf1 {[%emt 0:00:41]} Re6 {[%emt 0:02:06]} 22. Bg3 {[%emt 0:00:51]} Qg5 {[%emt 0:00:21]} 23. Qd2 {[%emt 0:00:30]} Qxd2 {[%emt 0:02:58]} 24. Nxd2 {[%emt 0:00:01]} d4 {[%emt 0:00:09]} 25. Bb3 {[%emt 0:01:07]} Re8 {[%emt 0:03:40]} 26. cxd4 {[%emt 0:02:11]} Nxd4 {[%emt 0:00:29]} 27. Nc4 {[%emt 0:01:17]} Bxc4 {[%emt 0:03:08]} 28. Bxc4 {[%emt 0:00:02]} Ne2+ {[%emt 0:00:12]} 29. Kh2 {[%emt 0:01:02]} Nxg3 {[%emt 0:00:09]} 30. Kxg3 {[%emt 0:00:08]} g6 {[%emt 0:02:02]} 31. Rd1 {[%emt 0:00:31]} 1/2-1/2

[Event "31st Roquetas de Mar Open 2020"]
[Site "Roquetas de Mar"]
[Date "2020.01.04"]
[Round "4.13"]
[White "Villanueva, Mario"]
[Black "Ajay Karthikeyan"]
[Result "1/2-1/2"]
[WhiteElo "2488"]
[BlackElo "2249"]
[Annotator "ChessBase"]
[PlyCount "89"]
[EventDate "2020.01.02"]
[EventType "swiss"]
[EventCountry "ESP"]
[SourceTitle "playchess.com"]
[Source "ChessBase"]
[SourceQuality "1"]
[TimeControl "5400+30"]

1. e4 c5 2. Nf3 g6 3. d4 cxd4 4. Nxd4 Nc6 5. c4 Nf6 6. Nc3 d6 7. Be2 Nxd4 8. Qxd4 Bg7 9. Be3 O-O 10. Qd3 Bg4 11. f3 Be6 12. Bd4 Nd7 13. O-O Qa5 14. Bxg7 Kxg7 15. b3 Rac8 16. f4 f6 17. Rac1 a6 18. Kh1 Rfe8 19. h4 Qc5 20. Qg3 Rg8 21. Rfe1 b5 22. cxb5 axb5 23. Bxb5 Nb6 24. Qe3 Qb4 25. Be2 Rc5 26. Bf3 Re8 27. Nd5 Bxd5 28. Rxc5 dxc5 29. exd5 c4 30. Rc1 Rc8 31. bxc4 Rxc4 32. Rxc4 Nxc4 33. Qe4 Kf8 34. Kh2 Qc5 35. Be2 Nd6 36. Qf3 Nf5 37. h5 Nd4 38. Qe4 Nxe2 39. Qxe2 Qxd5 40. hxg6 hxg6 41. g3 g5 42. fxg5 Qxg5 43. a4 Qa5 44. Qd1 Ke8 45. Kh3 1/2-1/2

[Event "31st Roquetas de Mar Open 2020"]
[Site "Roquetas de Mar"]
[Date "2020.01.04"]
[Round "4.14"]
[White "Camacho Collados, Jose"]
[Black "Garcia Moreno, Carlos"]
[Result "1-0"]
[WhiteElo "2419"]
[BlackElo "2289"]
[Annotator "TA"]
[PlyCount "97"]
[EventDate "2020.01.02"]
[EventType "swiss"]
[EventCountry "ESP"]
[SourceTitle "playchess.com"]
[Source "ChessBase"]
[SourceQuality "1"]

{[%evp 15,97,13,16,0,22,16,24,20,25,0,18,7,40,25,125,120,126,117,127,125,127,113,111,111,122,118,117,116,111,129,115,123,120,135,136,136,134,127,131,100,85,24,46,34,78,73,78,78,78,78,80,35,63,41,80,54,80,80,87,90,1454,1375,1360,1351,1290,1213,1020,1156,1012,1050,704,385,29964,29966,4702,34,34,38,29964,5624,29977,29979,29979,29980]} 1. Nf3 Nf6 2. g3 d5 3. Bg2 c6 4. c4 e6 5. b3 Be7 6. O-O O-O 7. d3 b6 8. Bb2 Bb7 9. Qc2 {A14: English Opening: 1...e6 with b3 by White} Nbd7 (9... c5 10. e3 {½-½ (10) Khismatullin,D (2621)-Xu,Y (2518) Moscow 2016}) 10. Rd1 Rc8 11. e4 $146 {White has an edge.} ({Predecessor:} 11. Nbd2 Qc7 12. e4 Rfd8 13. Rac1 Qb8 14. Qb1 a5 15. Qa1 Nc5 16. e5 Ne8 {1-0 (80) Vishal,V (1533)-Kadav,O (1838) Kankarbagh 2015}) 11... c5 12. cxd5 exd5 13. e5 Ne8 14. d4 c4 (14... cxd4 $11 {remains equal.} 15. Qe2 d3 $1 {[%mdl 512]} 16. Qxd3 Nc7) 15. Nc3 $36 {[%mdl 2048] White is really pushing.} cxb3 16. Qxb3 Nc7 17. Nd2 Nb8 18. Nf1 Nc6 19. Nxd5 Na5 20. Nxe7+ Qxe7 21. Qa3 Qxa3 22. Bxa3 Bxg2 23. Kxg2 Rfd8 24. Ne3 {Hoping for d5.} Nd5 25. Nxd5 Rxd5 26. Rac1 Nc4 27. Kf3 Ra5 {[#]} 28. Rd3 (28. Be7 $1 $16) 28... b5 $11 29. Rc2 Rxa3 30. Rxa3 {[%mdl 64] Pin} Nxe5+ 31. Ke4 {[%cal Rc2c8]} Rxc2 32. Kxe5 Rxf2 $16 {[%mdl 4096] Endgame KR-KR} 33. d5 Rxh2 34. Rxa7 {[%cal Ra7a8]} h5 35. Ra8+ {[%mdl 1024] White has strong compensation.} Kh7 36. d6 {Strongly threatening d7.} Rd2 37. Rb8 Re2+ $2 {[%mdl 8192]} (37... g5 $16) 38. Kd5 $18 Rd2+ 39. Kc6 Rc2+ 40. Kb6 Rd2 {[#]} 41. Kc7 $1 Rc2+ 42. Kd8 Rxa2 43. d7 Kg6 $2 (43... g5 $18 44. Ke7 Ra7) 44. Ke7 Ra7 45. Ke8 $2 (45. Rxb5 $18 {And now Rd5 would win.} h4 46. gxh4) 45... Rxd7 $1 $14 46. Kxd7 Kg5 $2 {[%mdl 8192]} (46... Kf5 $14) 47. Rg8 Kg4 48. Rxg7+ {[%mdl 64] Double Attack} Kf3 49. Rg5 {Accuracy: White = 70%, Black = 45%.} 1-0

[Event "31st Roquetas de Mar Open 2020"]
[Site "Roquetas de Mar"]
[Date "2020.01.04"]
[Round "4.15"]
[White "Vazquez Igarza, Renier"]
[Black "Piasetski, Leon"]
[Result "1-0"]
[WhiteElo "2552"]
[BlackElo "2219"]
[Annotator "RC"]
[PlyCount "81"]
[EventDate "2020.01.02"]
[EventType "swiss"]
[EventCountry "ESP"]
[SourceTitle "playchess.com"]
[Source "ChessBase"]
[SourceQuality "1"]
[TimeControl "5400+30"]

1. d4 Nf6 2. c4 d6 3. Nf3 Nbd7 4. Nc3 e5 5. e4 Be7 6. Be2 O-O 7. O-O c6 8. Qc2 a6 9. Rd1 Qc7 10. Rb1 b5 11. b4 exd4 12. Nxd4 Ne5 13. cxb5 cxb5 14. Bg5 Qa7 15. a4 Bd7 16. axb5 Rac8 17. Qb2 axb5 18. Ndxb5 Qb8 19. Nd4 Nc4 20. Qb3 Nb6 21. Bf4 Rfe8 22. Ba6 Rxc3 23. Qxc3 Nxe4 24. Qf3 Bh4 25. Bg3 Bxg3 26. hxg3 d5 27. Rbc1 Qd6 28. b5 g5 29. Nf5 Qg6 30. Ne3 h5 31. Bb7 Bxb5 32. Bxd5 Nxd5 33. Rxd5 Bc6 34. Rxc6 Qxc6 35. Rxg5+ Kf8 36. Rxh5 Qf6 37. g4 Qxf3 38. gxf3 Nf6 39. Rh8+ Ke7 40. Nf5+ Kd7 41. Rh6 1-0

[Event "31st Roquetas de Mar Open 2020"]
[Site "Roquetas de Mar"]
[Date "2020.01.04"]
[Round "4.16"]
[White "Zhou, Guijue"]
[Black "Maiorov, Nikita"]
[Result "0-1"]
[WhiteElo "2193"]
[BlackElo "2519"]
[Annotator "TA"]
[PlyCount "92"]
[EventDate "2020.01.02"]
[EventType "swiss"]
[EventCountry "ESP"]
[SourceTitle "playchess.com"]
[Source "ChessBase"]
[SourceQuality "1"]

{[%evp 13,92,17,30,19,24,0,11,-25,16,-18,-8,-2,-3,-20,0,-58,-56,-46,-31,-94,-29,-59,-65,-79,-6,-58,17,-83,-72,-85,-83,-83,-80,-98,-109,-118,-107,-117,-79,-77,-65,-133,-112,-105,-89,-313,-305,-298,-289,-286,-281,-506,-489,-499,-489,-704,-685,-982,-978,-966,-969,-952,-934,-1092,-1107,-1079,-1075,-1022,-1014,-29979,-29980,-29979,-29981,-29990,-29991,-29991,-29991,-29991,-29992,-29994,-29995]} 1. e4 e5 2. Nf3 Nc6 3. Bc4 Bc5 4. c3 Nf6 5. d3 O-O 6. O-O d6 7. a4 a6 8. h3 {C54: Giuoco Piano: 4 c3 Nf6, main lines with 5 d4 and 5 d3} Ba7 9. Na3 Ne7 10. Nc2 {The position is equal.} c6 $146 ({Predecessor:} 10... a5 11. Be3 Ng6 12. Bxa7 Rxa7 13. Ne3 c6 14. Bb3 Re8 {½-½ (46) Nisipeanu,L (2686)-Mikhalevski,V (2520) Zalakaros 2017}) 11. Be3 d5 12. exd5 cxd5 13. Ba2 Bb8 14. d4 (14. Bg5 $11) 14... e4 $15 15. Ne5 Ne8 16. f4 ({White should try} 16. f3 $15) 16... Nf5 (16... Be6 $17) 17. c4 dxc4 18. Bxc4 Nf6 (18... Be6 $17) 19. Bf2 (19. g4 $11) 19... Ba7 (19... Be6 $15 20. Bxe6 fxe6) 20. Qd2 (20. g4 $11 {remains equal.} Ne7 21. f5) 20... Nd5 {aiming for ...e3!} 21. Rad1 Be6 22. g4 Nd6 23. f5 Nxc4 24. Nxc4 Bd7 25. b3 Rc8 {...Bxa4! is the strong threat.} 26. N2e3 Bc6 27. Nxd5 (27. Bg3 $15) 27... Bxd5 28. Rc1 Bb8 $36 {[%mdl 2048] Keeping White busy.} 29. Be3 $2 (29. Rfe1 $17) 29... b5 $19 30. axb5 axb5 31. Nb2 Rxc1 ({Don't play} 31... Bxb3 32. Rxc8 Qxc8 33. f6 $19) 32. Qxc1 $2 (32. Rxc1 Qh4 33. Qg2) 32... Qh4 {( -> ...Qg3+)} 33. Rf2 Qxh3 34. f6 (34. Rg2 $142) 34... gxf6 35. Rg2 Kh8 36. Nd1 Rg8 37. g5 f5 38. Nc3 Rc8 39. Qd2 Bxb3 40. d5 Kg8 41. Ne2 Rc2 {Black mates.} 42. Qd4 {[#]} f4 $1 43. Bd2 {[#]} (43. Nxf4 Bxf4) 43... f3 $1 {[%csl Gf3][%cal Rh3g2][%mdl 64] Double Attack} 44. Rf2 fxe2 45. Rxe2 Qg4+ 46. Rg2 Qd1+ {Accuracy: White = 30%, Black = 56%.} 0-1

[Event "31st Roquetas de Mar Open 2020"]
[Site "Roquetas de Mar"]
[Date "2020.01.04"]
[Round "4.17"]
[White "Sanchez Jerez, Emilio Miguel"]
[Black "Espinosa Aranda, Angel"]
[Result "0-1"]
[WhiteElo "2168"]
[BlackElo "2504"]
[Annotator "TA"]
[PlyCount "92"]
[EventDate "2020.01.02"]
[EventType "swiss"]
[EventCountry "ESP"]
[SourceTitle "playchess.com"]
[Source "ChessBase"]
[SourceQuality "1"]

{[%evp 9,92,-11,-12,-11,1,-39,3,-32,-32,-31,-11,-54,-38,-35,-27,-26,0,-89,-70,-68,-56,-81,-49,-89,-79,-87,-77,-102,-75,-107,-97,-88,-90,-93,-62,-79,-75,-82,-56,-56,-56,-63,-56,-80,-73,-76,-81,-86,0,-37,0,-2,-7,-134,-138,-358,-334,-360,-350,-313,-220,-266,-258,-370,-362,-364,-324,-330,-301,-443,-431,-508,-578,-698,-679,-1910,-1897,-29980,-29981,-29981,-29982,-29982,-29982,-29983,-29984]} 1. e4 e6 2. d3 d5 3. Qe2 Nc6 4. Nf3 d4 (4... Nf6 5. Bf4 dxe4 6. dxe4 Nd4 7. Qc4 Nxf3+ 8. gxf3 c6 9. Qc3 Nh5 10. Be3 Qf6 11. e5 Qh4 {0-1 (34) Huschenbeth,N (2585)-Meier,G (2644) Dresden 2017}) 5. g3 e5 6. Bg2 {C00: French: Unusual White 2nd moves} Be7 7. Na3 $146 ({Predecessor:} 7. Nbd2 h5 8. Nc4 Bf6 9. a4 h4 10. h3 Nge7 11. c3 Be6 12. cxd4 Nxd4 13. Nxd4 Qxd4 {0-1 (57) Manakova,M (2280)-Kashlinskaya,A (2462) Kragujevac 2016}) 7... Be6 8. O-O {The position is equal.} f6 9. Nh4 Qd7 10. f4 Bxa3 11. bxa3 Nge7 12. Nf5 O-O 13. g4 (13. Nxe7+ $1 $11 {was the only way to keep the balance.} Qxe7 14. f5) 13... exf4 ({Reject} 13... Bxf5 $6 14. gxf5 Rae8 15. Qh5 $11) 14. Bxf4 Ng6 15. Bd2 Nge5 16. h4 b6 17. Bh3 Ne7 18. Rf2 Kh8 (18... Rae8 {looks sharper.} 19. Bf4 N7g6 20. Bd2 Nh8 21. g5 fxg5 22. hxg5 Nhf7) 19. Kh2 Nxf5 20. gxf5 Bf7 21. Bf4 Qe8 22. Bg4 c5 23. Rg1 Rg8 24. Rg3 c4 25. Rfg2 Rc8 {[%cal Ba8c8,Bc8c3,Bc3a3][%mdl 32]} 26. Qd2 cxd3 27. cxd3 Rc3 28. Be2 Nd7 (28... Qe7 $17 29. a4 Ra3) 29. h5 (29. a4 {keeps more tension.} Nc5 30. Qd1 Qd8 31. Qg1 Rc2 32. Kh1) 29... Rxa3 (29... Qf8 {with more complications.} 30. Qd1 Rxa3 31. Qg1 Ne5 32. Qxd4 Qe7) 30. Qb4 Rxa2 31. Qxd4 (31. h6 $11 g5 32. Bd6) 31... Bxh5 $17 32. Bxh5 $2 (32. Bf1 $17 Rxg2+ 33. Bxg2) 32... Qxh5+ $19 33. Kg1 Rxg2+ ({Don't play} 33... Qd1+ 34. Kh2 $19) 34. Kxg2 Qf7 35. Qa1 a5 {[%cal Ba7a5,Ba5a4,Ba4a3][%mdl 32]} 36. Qh1 (36. Be3 {is a better defense.}) 36... Rc8 37. Rh3 Nf8 38. Qb1 a4 39. d4 (39. Rh1 $142) 39... Qc4 {[#] White must now prevent ...Qe2+.} 40. Rd3 b5 {[%cal Bb6b5,Bb5b4,Bb4c3][%mdl 32]} 41. Kf3 b4 42. d5 a3 43. Rb3 {[#]} Qxb3+ $1 {[%mdl 576] Remove Defender, Promotion. Black mates.} 44. Qxb3 Rc3+ 45. Qxc3 bxc3 46. e5 fxe5 {Accuracy: White = 33%, Black = 54%.} 0-1

[Event "31st Roquetas de Mar Open 2020"]
[Site "Roquetas de Mar"]
[Date "2020.01.05"]
[Round "5.1"]
[White "Grigoryan, Karen H."]
[Black "Bernadskiy, Vitaliy"]
[Result "1/2-1/2"]
[WhiteElo "2632"]
[BlackElo "2588"]
[Annotator "TA"]
[PlyCount "100"]
[EventDate "2020.01.02"]
[EventType "swiss"]
[EventCountry "ESP"]
[SourceTitle "playchess.com"]
[Source "ChessBase"]
[SourceQuality "1"]

{[%evp 11,100,0,2,6,37,22,34,38,33,32,42,34,34,34,34,32,45,51,46,46,46,47,48,54,122,109,107,111,120,80,104,45,52,52,115,115,120,112,114,118,116,126,118,58,118,118,177,110,133,138,152,151,159,116,133,106,139,129,139,119,257,248,248,245,260,262,252,250,246,217,194,186,179,197,216,132,93,147,111,31,36,18,18,18,23,0,0,0,0,0,0]} 1. c4 b6 2. d4 Bb7 3. Nc3 e6 4. a3 Nf6 5. d5 Bd6 6. Nf3 O-O 7. g3 {A50: Queen's Fianchetto Defence (1 d4 Nf6 2 c4 b6)} (7. e4 exd5 8. exd5 c6 9. Be2 cxd5 10. cxd5 Na6 11. O-O Re8 12. Bg5 h6 13. Bh4 Nc5 14. Nd4 Bf8 {½-½ (44) Postny,E (2630)-Meier,G (2623) Nancy 2019}) 7... exd5 8. cxd5 Na6 9. Bg2 {White is slightly better.} Nc5 10. O-O Nce4 $146 ({Predecessor:} 10... Re8 11. Nd4 Be5 12. Rb1 Bxd4 13. Qxd4 Nb3 14. Qc4 Nxc1 15. Rbxc1 {0-1 (57) Loiacono,L (2302)-Burmakin,V (2504) Trieste 2018}) 11. Nxe4 Nxe4 12. Nd2 Nxd2 $1 13. Bxd2 f5 14. e3 a5 15. Qc2 Qf6 16. Bc3 Qf7 17. Rfd1 Rae8 (17... Ra7 $14) 18. b4 $16 axb4 19. Bxb4 Qf6 20. Bc3 Qg6 21. Rdc1 (21. a4 $16) 21... Ra8 22. Bb4 Rac8 (22... Bxb4 $14 23. axb4 Qf6 24. Rxa8 Rxa8) 23. Qc4 Rfe8 24. a4 {[%cal Ba3a4,Ba4a5][%mdl 32]} Ba6 25. Qb3 Kh8 26. Bxd6 Qxd6 27. Qa3 (27. a5 $16) 27... Qe5 (27... Qxa3 $14 28. Rxa3 d6) 28. a5 Bb7 (28... Ra8 $16 {is a better defense.}) 29. Qc3 ({White should try} 29. f4 $18 Qf6 30. a6) 29... Qd6 30. Qd3 {aiming for a6.} bxa5 31. Qxf5 Ra8 32. Qd3 c6 {[%cal Rc6d5]} 33. Rab1 Reb8 {[%cal Rc6d5]} 34. Rb6 {Black must now prevent Rcb1.} a4 35. Qb1 Qc7 {[#]} (35... Ba6 $16) 36. d6 $1 $18 {[%cal Rd6c7][%mdl 512]} Qc8 (36... Qxd6 37. Rxb7) 37. Qf5 $1 a3 38. Be4 {[%csl Ge4][%cal Rf5h7]} Qg8 39. Qxd7 a2 40. Rxb7 a1=Q 41. Rxa1 Rxa1+ 42. Kg2 Rf8 43. Qxc6 {Bd5 is the strong threat.} ({Weaker is} 43. Bxc6 Rxf2+ 44. Kh3 (44. Kxf2 Qa2+ 45. Kf3 Rf1+ 46. Ke4 Qc4+ 47. Ke5 Qc5+ 48. Ke4 Qc4+ 49. Ke5 Qc5+ 50. Ke4 Qc4+ $11) 44... Rf6 $11) 43... Ra2 {[#]} 44. Bf3 $1 {Strongly threatening Re7.} Rd2 {[#]} 45. Ra7 (45. e4 $1 $16) 45... Rd8 46. d7 {And now Bg4 would win.} Qf7 $1 47. Qc8 Rf8 48. Qb7 Rxd7 {The position is equal.} 49. Qxd7 Qxf3+ {[%mdl 64] Double Attack} 50. Kh3 {[%csl Ga7][%cal Rd7g7]} Qh5+ {Accuracy: White = 62%, Black = 51%.} 1/2-1/2

[Event "31st Roquetas de Mar Open 2020"]
[Site "Roquetas de Mar"]
[Date "2020.01.05"]
[Round "5.3"]
[White "Pridorozhni, Aleksei"]
[Black "Sosa, Tomas"]
[Result "1-0"]
[WhiteElo "2601"]
[BlackElo "2508"]
[Annotator "TA"]
[PlyCount "81"]
[EventDate "2020.01.02"]
[EventType "swiss"]
[EventCountry "ESP"]
[SourceTitle "playchess.com"]
[Source "ChessBase"]
[SourceQuality "1"]

{[%evp 16,81,46,25,33,34,60,67,68,58,61,68,63,43,49,42,76,76,102,87,120,58,54,56,114,115,133,134,133,133,132,115,170,165,166,172,168,170,173,164,206,212,197,181,213,213,240,223,272,262,274,282,278,272,264,252,301,294,414,429,435,441,586,578,550,533,521,506]} 1. e4 c5 2. Nf3 d6 3. Nc3 Nc6 4. d4 cxd4 5. Nxd4 Nf6 6. Bg5 e6 7. Qd2 Be7 8. O-O-O a6 9. Bxf6 gxf6 {B66: Sicilian: Richter-Rauzer: 7...a6 8 0-0-0 h6} 10. f4 Qb6 (10... Qc7 11. Nf3 Bd7 12. Kb1 O-O-O 13. Bd3 Kb8 14. Rhe1 h5 15. g3 Rc8 16. Bf1 Na5 17. Re3 Qb6 18. Qe1 Rc7 19. Nd4 Rhc8 20. Nb3 Nc4 21. Bxc4 Rxc4 {½-½ (62) Anand,V (2773)-Firouzja,A (2607) St Petersburg 2018}) 11. Nb3 Bd7 {White is slightly better.} 12. Be2 h5 13. h4 Na5 $146 ({Predecessor:} 13... O-O-O 14. Bf3 Na5 15. Qe2 Kb8 16. Bxh5 Rc8 17. Bxf7 Rhf8 18. Nxa5 Qxa5 19. Qh5 Rc5 20. f5 Rxc3 21. bxc3 Rc8 22. Rh3 d5 23. fxe6 {½-½ (23) Nabaty,T (2431)-Naroditsky,D (2313) Pardubice 2008}) 14. Nxa5 Qxa5 15. Kb1 Qc5 16. Bf3 Rc8 17. Ne2 Bf8 18. f5 ({Better is} 18. Rhe1 $16) 18... Bh6 $14 19. Qxd6 Qxd6 (19... Qxc2+ $14 20. Ka1 Qc7) 20. Rxd6 $16 Bc6 21. Rd3 Ke7 22. Nd4 Bf4 23. Rb3 Be5 (23... Rb8 $16) 24. Nxc6+ $18 bxc6 25. Rb7+ Rc7 26. Rb6 a5 27. c3 a4 28. Ra6 Rd8 29. Rd1 (29. Bxh5 Rd2 $16) 29... Rb8 30. Kc2 (30. Rxa4 $6 Bxc3 31. b3 (31. Bxh5 Rxb2+ 32. Kc1 Rxg2 $11) 31... Be5) 30... Bg3 31. Rxa4 Bxh4 32. fxe6 (32. Bxh5 $6 Rcb7 $18) 32... fxe6 33. e5 ({Much less strong is} 33. Bxh5 $6 Rcb7 $18) 33... Bg5 34. exf6+ ({Don't take} 34. Bxh5 $6 fxe5 35. Bf3 Kf6 $18) 34... Bxf6 35. Bxh5 Rb5 36. Bf3 Rcb7 (36... Rbb7 {was called for.} 37. Ra5 Ra7) 37. b4 {[%cal Bb2b4,Bb4b5][%mdl 32]} Rc7 {White is clearly winning.} 38. Ra6 c5 39. a4 Rb8 40. b5 {Strongly threatening b6.} Rd7 {[#]} 41. Rxd7+ {Played: Ra6xe6} 1-0

[Event "31st Roquetas de Mar Open 2020"]
[Site "Roquetas de Mar"]
[Date "2020.01.05"]
[Round "5.4"]
[White "Cruz Lledo, Pablo"]
[Black "Bjerre, Jonas Buhl"]
[Result "1/2-1/2"]
[WhiteElo "2452"]
[BlackElo "2535"]
[Annotator "TA"]
[PlyCount "65"]
[EventDate "2020.01.02"]
[EventType "swiss"]
[EventCountry "ESP"]
[SourceTitle "playchess.com"]
[Source "ChessBase"]
[SourceQuality "1"]

{[%evp 20,65,0,-10,0,3,32,36,28,13,94,112,102,88,94,13,90,97,105,99,97,105,83,79,200,53,72,49,107,116,102,102,270,266,237,221,204,122,105,106,89,95,64,-4,-2,-3,-2,-4]} 1. d4 Nf6 2. c4 e6 3. Nc3 Bb4 4. e3 O-O 5. Bd3 c5 6. Nge2 d5 7. cxd5 cxd4 8. exd4 Qxd5 9. O-O Qh5 10. Bf4 Nc6 11. Qb3 Rd8 {E48: Nimzo-Indian: Rubinstein: 5 Bd3 d5 including 6 Ne2, but excluding 6 a3} 12. Rad1 Bd6 13. Bxd6 $146 ({Predecessor:} 13. Bb1 b6 14. Ng3 Qh4 15. Bxd6 Rxd6 16. Nce4 Nxe4 17. Bxe4 Bb7 18. d5 Na5 19. Qf3 {1-0 (57) Jobava,B (2518)-Zeller,F (2422) Schwaebisch Gmuend 2001}) 13... Rxd6 {White is slightly better.} 14. Rfe1 {Black should prevent d5!} b6 (14... Qa5 $11) 15. Ne4 $16 Nxe4 16. Bxe4 Bb7 17. Ng3 ({White should try} 17. d5 $1 $16 {[%cal Rd5c6]} Na5 18. Qa4) 17... Qg5 (17... Qa5 $11) 18. d5 $1 {[%cal Rd5c6]} Na5 {[#]} 19. Qc2 $1 exd5 20. Bxh7+ Kh8 21. Bd3 $36 {[%mdl 2048] Strongly threatening Qc7. Keeping Black busy.} Nc6 {[#]} (21... Kg8 $16 {was called for.}) 22. h4 (22. Nf5 $1 $18 {[%cal Rf5d6]} Rg6 23. g3) 22... Qf4 23. Qe2 {Qe8+! would kill now.} Re6 ({Black should play} 23... g6 $14) 24. Qh5+ {[%mdl 64] Double Attack} Rh6 25. Qxd5 Qc7 $2 (25... Na5 $16 {was necessary.} 26. Qg5 Qxh4 27. Qxh4 Rxh4) 26. Qg5 f6 27. Qe3 {White threatens Qe8+! and mate.} Ne5 28. Bf5 (28. h5 $18) 28... Rxh4 29. Rd4 Rxd4 30. Qxd4 {Threatens to win with Qh4+.} g6 31. Be4 (31. Qh4+ $14 Kg7 32. Bxg6 Kxg6 33. Qh5+ Kg7 34. Nf5+ Kg8 35. Re3) 31... Rd8 $11 32. Qe3 {Hoping for Qh6+.} Kg7 33. Rc1 {Accuracy: White = 53%, Black = 31%.} 1/2-1/2

[Event "31st Roquetas de Mar Open 2020"]
[Site "Roquetas de Mar"]
[Date "2020.01.05"]
[Round "5.5"]
[White "Harutyunian, Tigran K."]
[Black "Low, Zhen Yu Cyrus"]
[Result "1-0"]
[WhiteElo "2533"]
[BlackElo "2415"]
[Annotator "TA"]
[PlyCount "85"]
[EventDate "2020.01.02"]
[EventType "swiss"]
[EventCountry "ESP"]
[SourceTitle "playchess.com"]
[Source "ChessBase"]
[SourceQuality "1"]

{[%evp 10,85,20,20,46,41,38,21,24,19,21,23,157,154,168,170,208,191,209,133,227,243,255,238,309,285,272,270,341,330,312,212,216,215,258,259,290,287,358,343,367,358,279,234,223,202,371,339,385,364,349,339,407,406,383,357,466,457,441,433,431,453,1382,1332,29976,29977,29977,29978,29982,29983,29985,29979,29993,29994,29994,29995,29995,29996]} 1. c4 Nf6 2. Nc3 d5 3. cxd5 Nxd5 4. g3 Nxc3 5. bxc3 c5 6. Bg2 Nc6 {A34: Symmetrical English: 2 Nc3, lines with ...d5} (6... e5 7. Qa4+ Nc6 8. Bxc6+ bxc6 9. Nf3 f6 10. d4 exd4 11. cxd4 Qb6 12. O-O Kf7 13. Be3 Qa6 14. Qc2 cxd4 15. Bxd4 {½-½ (22) Matlakov,M (2683)-Rodshtein,M (2674) Czech Republic 2019}) 7. Bxc6+ bxc6 8. Qa4 Qd5 $146 {The position is equal.} ({Predecessor:} 8... Qb6 9. f4 Qb5 10. Qc2 Ba6 11. a4 Qc4 12. d3 Qd5 13. Nf3 e6 14. c4 {½-½ (24) Gosztolya,F (2105)-Rozsnyai,T (2145) Hungary 2008}) 9. Nf3 Bh3 10. c4 Qe4 (10... Qd7 $11 {keeps the balance.}) 11. d3 $16 Qg6 12. Rb1 $36 {[%mdl 2048] White is in control.} h5 13. Be3 h4 14. gxh4 (14. Bxc5 Bg2 $16) 14... Qf6 (14... Qd6 $16) 15. Rg1 $1 $18 (15. Bxc5 Bg2 $16) 15... g6 16. Bxc5 e5 17. Bxf8 Kxf8 18. Rg3 Bf5 19. e4 Bg4 20. Nxe5 (20. Rxg4 Qxf3 21. Qd1 (21. Qxc6 Kg7 $11) 21... Qf6 $16) 20... Qxe5 21. Rxg4 Rd8 22. Ke2 Kg7 23. Qxc6 Qc3 {[#]} 24. Rd1 $1 {[%cal Bb1d1,Bd1d2,Bd2e2,Be2e3,Be3f3][%mdl 32]} ({Inferior is} 24. Rb3 Qc2+ 25. Ke3 (25. Kf3 Qd1+ 26. Kg3 Qg1+ 27. Kf3 Qd1+ {[%mdl 64] Double Attack} 28. Kf4 Qc1+ 29. Kf3 Qd1+ $11 {[%mdl 64] Double Attack}) 25... Qc1+ 26. Ke2 Qc2+ 27. Kf3 Qd1+ 28. Kg3 Qg1+ 29. Kf3 Qd1+ 30. Kf4 Qc1+ 31. Kg3 Qg1+ 32. Kf3 Qd1+ $11) 24... Rb8 25. Rd2 Rb1 26. Rf4 {Qc7! is the strong threat.} Qe5 27. Kf3 {aiming for d4.} Qc3 $2 (27... Qh5+ 28. Rg4 Qe5) 28. Qd5 Rf8 29. Re2 Qc1 {intending ...Qh1+.} 30. e5 Qh1+ 31. Kg3 Qg1+ {[#]} 32. Qg2 $1 Qd1 33. Re3 Rd8 34. Ref3 Rb7 35. h5 Rbd7 {[#]} (35... Rxd3 $142 36. hxg6 fxg6 37. Rxd3 Qxd3+ 38. Qf3 Qxf3+ 39. Rxf3 Rc7) 36. e6 $1 Rxd3 {[#]} (36... fxe6 37. Kh4) 37. h6+ $1 {White mates.} Kh8 (37... Kxh6 38. Qh3+) 38. exf7 Rxf3+ 39. Qxf3 Qg1+ 40. Qg2 Rd3+ 41. Kh4 g5+ 42. Kh5 Qd1+ 43. f3 {Accuracy: White = 89%, Black = 26%.} 1-0